"Slowly, Slowly, Slowly," said the Sloth / (Record no. 50406)
| 000 -LEADER | |
|---|---|
| fixed length control field | 00330nam a2200109 4500 |
| 020 ## - INTERNATIONAL STANDARD BOOK NUMBER | |
| International Standard Book Number | 9780593523278 |
| 100 ## - MAIN ENTRY--PERSONAL NAME | |
| Personal name | Carle, Eric, |
| Relator term | author. |
| 245 ## - TITLE STATEMENT | |
| Title | "Slowly, Slowly, Slowly," said the Sloth / |
| Remainder of title | foreword by Jane Goodall. |
| 260 ## - PUBLICATION, DISTRIBUTION, ETC. (IMPRINT) | |
| Name of publisher, distributor, etc | World of Eric Carle : |
| Date of publication, distribution, etc | April 18, 2023. |
| 300 ## - PHYSICAL DESCRIPTION | |
| Extent | 5 x 0.79 x 7.01 inches |
| 942 ## - ADDED ENTRY ELEMENTS (KOHA) | |
| Source of classification or shelving scheme | |
| Koha item type | Board Book |
| Withdrawn status | Lost status | Source of classification or shelving scheme | Damaged status | Not for loan | Home library | Current library | Date acquired | Total Checkouts | Full call number | Barcode | Date last seen | Price effective from | Koha item type |
|---|---|---|---|---|---|---|---|---|---|---|---|---|---|
| Logos International School | Logos International School | 04/20/2026 | BB CAR | 040945 | 04/20/2026 | 04/20/2026 | Board Book |